000 00661nam a2200241Ia 4500
003 OSt
005 20221005120112.0
006 a|||||r|||| 00| 0
007 ta
008 221004b |||||||| |||| 00| 0 eng d
024 _a66523
037 _cTextual
040 _aCRL
_cCRL
_beng
041 _2eng
_aeng
082 _aV73:2:9Z, H91
100 _aLatham Earl Ed.
_9628541
245 0 _aDeclaration of independence and the constitution
260 _c1949
490 _aProblems in American civilization
650 _aUNITED STATES - HISTORY
_931585
942 _hV73:2:9Z, H91
_cTEXL
_2cc
999 _c1036888
_d1036888